Places To Study

There are group study rooms, individual study carrels, computer labs, and other spaces to study in the Libraries.

Reserve A Group Room

Online Resources

Access thousands of eBooks, audiobooks, and online journals from the comfort of your home.

Explore Resources

Events and Workshops

Join our upcoming events and workshops to enhance your skills and knowledge.

View Events

အဋ္ဌသာလိနီဘာသာဋီကာ၊ (Record no. 2672)

MARC details
000 -LEADER
fixed length control field 01033nam a22001937a 4500
003 - CONTROL NUMBER IDENTIFIER
control field OSt
005 - DATE AND TIME OF LATEST TRANSACTION
control field 20251217083148.0
008 - FIXED-LENGTH DATA ELEMENTS--GENERAL INFORMATION
fixed length control field 251207b |||||||| |||| 00| 0 eng d
040 ## - CATALOGING SOURCE
Transcribing agency DCL
082 ## - DEWEY DECIMAL CLASSIFICATION NUMBER
Classification number ၂၉၄.၃၈၂၄၁
100 0# - MAIN ENTRY--PERSONAL NAME
Personal name ဇနကာဘိဝံသ၊
Titles and words associated with a name အရှင်။
245 10 - TITLE STATEMENT
Title အဋ္ဌသာလိနီဘာသာဋီကာ၊
Number of part/section of a work စတုတ္ထအုပ် /
Statement of responsibility, etc. အရှင်ဇနကာဘိဝံသ။
250 ## - EDITION STATEMENT
Edition statement စတုတ္ထအကြိမ်။
264 ## - PRODUCTION, PUBLICATION, DISTRIBUTION, MANUFACTURE, AND COPYRIGHT NOTICE
Place of production, publication, distribution, manufacture အမရပူရ ၊
Name of producer, publisher, distributor, manufacturer မဟာဂန္ဓာရုံစာပေ၊
Date of production, publication, distribution, manufacture, or copyright notice ၁၉၉၈။
300 ## - PHYSICAL DESCRIPTION
Extent ဆ၊ ၆၂၂ စာမျက်နှာ ၊
Dimensions ၂၄ စင်တီ။
500 ## - GENERAL NOTE
General note အမှတ်(၂၇) ကျမ်းစာ။ (နောက်ပိုင်း၌ မူလဋီကာနှင့် ပါဠိတော်နိဿယလည်းပါဝင်သည်။)
650 ## - SUBJECT ADDED ENTRY--TOPICAL TERM
Topical term or geographic name entry element အဋ္ဌသာလိနီ
Form subdivision ဘာသာဋီကာ။
942 ## - ADDED ENTRY ELEMENTS (KOHA)
Source of classification or shelving scheme Dewey Decimal Classification
Koha item type Short Term
Suppress in OPAC No
Holdings
Withdrawn status Lost status Source of classification or shelving scheme Damaged status Not for loan Collection Accession No. Home library Current library Shelving location Date acquired Total checkouts Full call number Barcode Date last seen Price effective from Koha item type
    Dewey Decimal Classification     Myanmar Collection ၈၆ Dhammadhara Dhammadhara Myanmar Shelves 07/12/2025   ၂၉၄.၃၈၂၄၁ ဇ ၈၆ MB00000086 07/12/2025 07/12/2025 Short Term